000 00923nam a22003257a 4500
001 00802
003 DO-SdBPM
005 20250825125627.0
007 ta
008 160722b1989 ec |||| 00| 0 spa d
020 _a9978800107
040 _aDO-SdBPM
_cspa
_dBPMSU
_erda
082 4 _a813.3
_bB414c 1989
_222
100 1 _aStowe, Harriet Beecher,
_d1811-1896.
_eautor
245 1 3 _aLa cabaña del Tio Tom /
_cHarriet Beecher Stower
260 _c1989
264 _aQuito, Ecuador :
_bLibresa,
300 _a462 págians :
_c22 cm.
336 _atexto
_btxt
_2rdacontent
337 _asin mediación
_bn
_2rdamedia
338 _avolumen
_bnc
_2rdacarrier
440 _v
490 0 _aAntares
590 _aInvetariado, 2025/VM
630 _2
650 7 _aNovela juvenil estadounidense
700 1 _aCarrión Fanny,
_eestudio introductorios
910 _aVMateo V. Control de calidadd BPMSU
942 _2ddc
_cBK
999 _c10997
_d10997